|
|
|
|
| LEADER |
01099nam a2200289 a 4500 |
| 001 |
30963 |
| 003 |
BD-DhAAL |
| 005 |
20160224170159.0 |
| 008 |
160224s1982 mdu b 000 0 eng |
| 010 |
|
|
|a 81048196
|
| 020 |
|
|
|a 0801827531
|
| 020 |
|
|
|a 080182754X (pbk.)
|
| 040 |
|
|
|a DLC
|c DLC
|d DLC
|d BD-DhAAL
|
| 050 |
0 |
0 |
|a PN56.P92
|b L5 1982
|
| 082 |
0 |
0 |
|a 801/.92
|2 19
|
| 245 |
0 |
0 |
|a Literature and psychoanalysis :
|b the question of reading, otherwise /
|c edited by Shoshana Felman.
|
| 264 |
|
|
|a Baltimore :
|b Johns Hopkins University Press,
|c c1982.
|
| 300 |
|
|
|a 508 p. ;
|c 22 cm.
|
| 500 |
|
|
|a "Originally appeared as a double issue, nos. 55/56 of Yale French studies"--T.p. verso.
|
| 504 |
|
|
|a Includes bibliographical references.
|
| 526 |
|
|
|a ENH
|
| 541 |
|
|
|e 30963
|
| 650 |
|
0 |
|a Psychoanalysis and literature.
|9 18180
|
| 700 |
1 |
|
|a Felman, Shoshana.
|9 18181
|
| 942 |
|
|
|2 ddc
|c BK
|
| 999 |
|
|
|c 36930
|d 36930
|
| 952 |
|
|
|0 0
|1 0
|2 ddc
|4 0
|6 801_920000000000000_LIT
|7 0
|9 58161
|a BRACUL
|b BRACUL
|c GEN
|d 2016-02-24
|e R K Corporation
|g 3325.00
|l 3
|m 41
|o 801.92 LIT
|p 3010030963
|r 2026-05-17
|s 2026-04-19
|t 1
|w 2016-02-24
|y BK
|